La filosofía política de Italia en el siglo XIX
Uloženo v:
| Hlavní autoři: | , |
|---|---|
| Médium: | Kniha |
| Jazyk: | španělština |
| Vydáno: |
Buenos Aires
Imán
1942
|
| Vydání: | 1a. ed |
| Edice: | Panorama de la Filosofía y la Cultura
|
| Témata: | |
| Tagy: |
Přidat tag
Žádné tagy, Buďte první, kdo vytvoří štítek k tomuto záznamu!
|
MARC
| LEADER | 00000cam a2200000 a 4500 | ||
|---|---|---|---|
| 001 | UCE4308 | ||
| 003 | CL-VaPUC | ||
| 008 | 141016e19420000ag |||||||||||||||||spa|d | ||
| 082 | 0 | 4 | |a 320.01 |b MON |2 21 |
| 100 | |a Mondolfo, Rodolfo |e autor |9 339183 | ||
| 700 | 0 | |a Mantica, Alberto |e author |9 576875 | |
| 245 | 1 | 3 | |a La filosofía política de Italia en el siglo XIX |
| 250 | |a 1a. ed | ||
| 300 | |a 136 p | ||
| 942 | |c BK | ||
| 945 | |d 20141016 12:02:00 |a arojas | ||
| 260 | |a Buenos Aires |b Imán |c 1942 | ||
| 650 | 7 | |a FILOSOFIA POLITICA |2 CL-VaPUC |9 576876 | |
| 650 | 7 | |a TEORIA POLITICA |2 CL-VaPUC |9 576877 | |
| 650 | 0 | |a Renacimiento |9 255107 | |
| 650 | 0 | |a Idealismo |9 265685 | |
| 650 | 0 | |a Positivismo |9 269460 | |
| 650 | 0 | |a Materialismo |9 265687 | |
| 651 | 0 | |a Italia |9 254949 | |
| 583 | |a last modification |c 20141016 12:02:00 |k Rodrigo Vera | ||
| 490 | 0 | |a Panorama de la Filosofía y la Cultura | |
| 999 | |c 357311 |d 357309 | ||
| 952 | |0 0 |1 0 |3 erb |4 0 |6 320_010000000000000_MON_1942 |7 0 |8 P |9 465194 |a BIBEDU |b BIBEDU |c BIBEDU_PB |i 5007879 |o 320.01 MON 1942 |p 5007879 |r 2024-01-25 |w 2019-11-23 |y BK |z Catalogado en:20141016 |k FIL | ||